| 000 | 01260nam a2200229Ia 4500 | ||
|---|---|---|---|
| 003 | Ost | ||
| 005 | 20260507074906.0 | ||
| 008 | 260507s9999||||xx |||||||||||||| ||und|| | ||
| 020 | _a9773750949 | ||
| 040 | _cfsecg | ||
| 041 | _aara | ||
| 082 | _a338.7 | ||
| 100 |
_aملوخية، أحمد فوزي _eمؤلف |
||
| 245 | 0 |
_aأسس دراسات الجدوى للمشروعات الصغيرة / _c أحمد فوزي ملوخية |
|
| 260 |
_aالإسكندرية: _bدار الفكر الجامعي, _c2007 |
||
| 300 |
_a325 صفحة؛ _bإيضاحات ؛ _c25 سم |
||
| 520 | _aدراسات جدوى المشروع الإقتصادي، دراسات الجدوى المبدئية، دراسات الجدوى التسويقية، الدراسات الفنية والهندسية، الدراسات المالية والإقتصادية، بعض الدراسات التطبيقية للمشروعات الصغيرة، مرحلة التخطيط لإنشاء وتجهيز مشروع صغير، كيفية التغلب على المعوقات التي تواجه المشروعات الصغيرة | ||
| 653 | _aالإقتصاد التحليلي | ||
| 653 | _aالمشروعات | ||
| 653 | _aتقييم الأداء- المشاريع | ||
| 942 | _cكتاب | ||
| 999 |
_c41698 _d41698 |
||